[Event "ICS rated standard match"]
[Site "204.178.125.65"]
[Date "2000.05.21"]
[Round "?"]
[White "Hossa"]
[Black "PostModernist"]
[Result "1/2-1/2"]
[WhiteElo "2360"]
[BlackElo "2421"]
[PlyCount "187"]
[EventDate "2000.??.??"]

1. e4 c5 2. Nf3 d6 3. d4 Nf6 4. dxc5 Qa5+ 5. c3 Qxc5 6. Bd3 g6 7. Na3 Bg7 8.
Be3 Qa5 9. Nc4 Qd8 10. e5 dxe5 11. Nfxe5 Qd5 12. O-O b5 13. Bd4 O-O 14. Ne3 Qb7
15. Qf3 Qxf3 16. Nxf3 a6 17. Bxf6 Bxf6 18. Nd5 Bb7 19. Nxf6+ exf6 20. Nd4 Nc6
21. a4 Nxd4 22. cxd4 Rad8 23. axb5 axb5 24. Bxb5 Rxd4 25. b3 Bd5 26. Rfb1 Rb4
27. Ba4 Ra8 28. Ra2 Kg7 29. Rab2 Rc8 30. f3 Rc3 31. Kf2 f5 32. Ke1 f4 33. Kd2
Re3 34. Kc2 Be6 35. Rd1 h5 36. Rd8 h4 37. h3 Kf6 38. Rd1 Kg5 39. Rd8 Rb7 40. b4
Ra7 41. Bb5 Raa3 42. Rd4 Re1 43. Rd1 Re5 44. Bf1 Bf5+ 45. Kd2 Rae3 46. Kc1 Re8
47. Ba6 R8e7 48. Rd5 Ra3 49. Ra5 Re1+ 50. Kd2 Rae3 51. Rb3 Rxb3 52. Kxe1 Rxb4
53. Bd3 Rb8 54. Bxf5 gxf5 55. Rd5 Re8+ 56. Kd2 Kf6 57. Rd6+ Ke5 58. Rh6 Rg8 59.
Rxh4 Rxg2+ 60. Ke1 Rb2 61. Kf1 Rb3 62. Kf2 Rb8 63. Rh6 Rb2+ 64. Kg1 Kd4 65. Ra6
Rb8 66. Ra3 Rb1+ 67. Kg2 Rb2+ 68. Kg1 Rb8 69. Kh2 Rg8 70. Rb3 Rg3 71. Ra3 Ke5
72. Rb3 Kf6 73. Rd3 Kg5 74. Rc3 f6 75. Rd3 Kh4 76. Rd5 Rxf3 77. Rxf5 Rxh3+ 78.
Kg1 Kg3 79. Rxf6 Rh4 80. Rg6+ Rg4 81. Rxg4+ Kxg4 82. Kg2 f3+ 83. Kf2 Kf4 84.
Kf1 Kf5 85. Kf2 Ke4 86. Kf1 Ke5 87. Kf2 Ke4 88. Kf1 Kf4 89. Kf2 Kg4 90. Kf1 Kg3
91. Kg1 f2+ 92. Kf1 Kf4 93. Kg2 f1=Q+ 94. Kxf1 1/2-1/2

[Event "ICS Rated standard match"]
[Site "204.178.125.65"]
[Date "2000.05.21"]
[Round "?"]
[White "Hossa"]
[Black "cmslim"]
[Result "0-1"]
[WhiteElo "2363"]
[BlackElo "2530"]
[PlyCount "106"]
[EventDate "2000.??.??"]

1. d4 d5 2. a3 Bf5 3. Nf3 e6 4. c4 dxc4 5. Nc3 Nf6 6. Bg5 Nc6 7. e3 Be7 8. Bxc4
O-O 9. Bb5 Na5 10. Ne5 c6 11. Be2 c5 12. dxc5 Qc7 13. Nd3 Rfd8 14. O-O Bxc5 15.
Bxf6 gxf6 16. e4 Bg6 17. b4 Bf8 18. Rc1 Nc4 19. Qc2 Rac8 20. Qa2 a6 21. Na4 Bh6
22. Rc3 b5 23. Nac5 a5 24. Nb2 axb4 25. axb4 Ra8 26. Nba4 Rd2 27. Rc2 Rxc2 28.
Qxc2 Nd2 29. Nc3 Nxf1 30. Bxf1 Qf4 31. Qd3 Qd2 32. Nxb5 Qxb4 33. Nd7 Bg5 34. f4
Bxf4 35. Qf3 Bg5 36. Nxf6+ Kg7 37. Ng4 Ra1 38. Qe2 Re1 39. Qf2 Rxe4 40. h3 h5
41. h4 Be7 42. Kh2 Rf4 43. Qe2 Rxg4 44. g3 Bxh4 45. Qe5+ Kh7 46. gxh4 Qd2+ 47.
Be2 Qe1 48. Bxg4 Qxe5+ 49. Kg2 hxg4 50. Nd4 Qe1 51. Nf3 Be4 52. h5 Bxf3+ 53.
Kh2 Qf2# {Hossa checkmated} 0-1

[Event "ICS Rated standard match"]
[Site "204.178.125.65"]
[Date "2000.05.21"]
[Round "?"]
[White "HangerOn"]
[Black "Hossa"]
[Result "1-0"]
[WhiteElo "2050"]
[BlackElo "2354"]
[PlyCount "135"]
[EventDate "2000.??.??"]

1. c4 e6 2. Nc3 d5 3. d4 c5 4. cxd5 exd5 5. Nf3 Be6 6. Qb3 b6 7. Bf4 Nc6 8. e3
a6 9. Be2 Nge7 10. O-O Ng6 11. Bg3 h5 12. dxc5 h4 13. Nxh4 Nxh4 14. Qxb6 Qc8
15. Rfd1 Nf5 16. Nxd5 Bxd5 17. Rxd5 Nxg3 18. hxg3 Rh6 19. Qb3 Be7 20. Qa4 Qb7
21. Rb1 Qb4 22. Qc2 Rd8 23. a3 Qa5 24. Bc4 Rxd5 25. Bxd5 Kf8 26. Rd1 Nd8 27. b4
Qxa3 28. c6 Nxc6 29. Bxc6 Qxb4 30. Bd5 Qc5 31. Qf5 Bf6 32. Qf4 g5 33. Qb8+ Kg7
34. Qb7 Be7 35. Qb2+ Bf6 36. Qa2 Qf8 37. Qxa6 Qh8 38. Kf1 Rh1+ 39. Ke2 Rxd1 40.
Kxd1 Qb8 41. Qa2 Qb5 42. Bc4 Qb7 43. Ke1 g4 44. Kf1 Bc3 45. Bd5 Qb5+ 46. Kg1 f6
47. Be6 Qb2 48. Qa7+ Kh6 49. Qc5 Qb4 50. Qc8 Qb1+ 51. Kh2 Be5 52. Bxg4 Qb8 53.
Qe6 Qa7 54. f4 Bc3 55. Qc8 Ba1 56. Bf5 Kg7 57. Be6 Kh6 58. g4 Qe7 59. Kg3 Be5
60. fxe5 fxe5 61. Qh8+ Kg6 62. Qg8+ Qg7 63. Bf5+ Kf6 64. Qe6+ Kg5 65. Be4 Qg8
66. Qf5+ Kh6 67. Qf6+ Qg6 68. Qxg6# {Hossa checkmated} 1-0

[Event "ICS rated blitz match"]
[Site "204.178.125.65"]
[Date "2000.05.22"]
[Round "?"]
[White "Hossa"]
[Black "QueenMaxima"]
[Result "0-1"]
[WhiteElo "2466"]
[BlackElo "2506"]
[PlyCount "88"]
[EventDate "2000.??.??"]

1. e4 c5 2. Nf3 d6 3. d4 cxd4 4. Qxd4 Nc6 5. Bb5 Bd7 6. Bxc6 Bxc6 7. Nc3 Nf6 8.
Bg5 e6 9. O-O-O Be7 10. Rhe1 O-O 11. e5 dxe5 12. Qh4 Qc7 13. Nxe5 Rac8 14. f3
h6 15. Nxc6 Qxc6 16. Bd2 b5 17. Bxh6 gxh6 18. Qxh6 Qc5 19. Rd2 b4 20. Na4 Qb5
21. b3 Rfd8 22. Rxd8+ Rxd8 23. h4 Rc8 24. Kb1 Qf5 25. Qd2 Nd5 26. Re4 Bf6 27.
Kc1 a5 28. Rg4+ Bg7 29. Rc4 Rxc4 30. bxc4 Qe5 31. Qf2 Qa1+ 32. Kd2 Bh6+ 33. f4
Nxf4 34. Qg3+ Kh7 35. Qf3 Nxg2+ 36. Ke2 Qe1+ 37. Kd3 Qd2+ 38. Ke4 Bg7 39. Qh5+
Kg8 40. Kf3 Ne1+ 41. Kg4 Qe2+ 42. Kf4 Qf2+ 43. Kg4 Qf3+ 44. Kg5 Qf5# {
Hossa checkmated} 0-1

[Event "ICS rated blitz match"]
[Site "204.178.125.65"]
[Date "2000.05.22"]
[Round "?"]
[White "Hossa"]
[Black "blunite"]
[Result "1-0"]
[WhiteElo "2452"]
[BlackElo "2204"]
[PlyCount "51"]
[EventDate "2000.??.??"]

1. e4 b6 2. d4 Bb7 3. Nc3 e6 4. Bd3 Bb4 5. Nf3 Ne7 6. O-O Bxc3 7. bxc3 d6 8.
Bg5 h6 9. Bh4 Nd7 10. Qe2 e5 11. Bc4 g5 12. Bg3 Ng6 13. Rfd1 Qe7 14. Bb5 O-O-O
15. Ba6 Kb8 16. Nd2 Nf4 17. Bxf4 gxf4 18. Bxb7 Kxb7 19. a4 a5 20. Rab1 Ka7 21.
Qb5 Nb8 22. Nc4 f6 23. Nxb6 cxb6 24. Qxb6+ Ka8 25. Qxa5+ Qa7 26. Qd5+ {
blunite resigns} 1-0

[Event "ICS rated blitz match"]
[Site "204.178.125.65"]
[Date "2000.05.22"]
[Round "?"]
[White "Hossa"]
[Black "blunite"]
[Result "1-0"]
[WhiteElo "2460"]
[BlackElo "2192"]
[PlyCount "143"]
[EventDate "2000.??.??"]

1. e4 b6 2. d4 Bb7 3. Nc3 e6 4. Bd3 Bb4 5. Nf3 Ne7 6. O-O Bxc3 7. bxc3 d6 8.
Bg5 Nd7 9. c4 h6 10. Bh4 g5 11. Bg3 Ng6 12. Qd2 e5 13. c3 Qe7 14. Qc2 c5 15.
Qb2 O-O 16. d5 Kg7 17. Rab1 Rab8 18. a4 a5 19. Rfd1 Rfd8 20. Re1 Ba6 21. Rf1
Ndf8 22. Rfd1 Nf4 23. Bxf4 gxf4 24. Qc2 Ng6 25. Rb2 Nf8 26. Rdb1 Nd7 27. Qe2
Rg8 28. Qd1 Kh7 29. Bf1 Qd8 30. Qe1 Rg4 31. Qe2 Rg7 32. Nd2 Qh4 33. Qd1 Rgg8
34. Ra1 Rg7 35. Nf3 Qd8 36. Kh1 Bc8 37. g3 fxg3 38. fxg3 Nf8 39. Rf2 Bg4 40.
Bg2 Qd7 41. Qf1 Ng6 42. Nd2 Qe7 43. Bf3 Bxf3+ 44. Nxf3 Rb7 45. Ra3 Qd7 46. Nd2
Qe7 47. Rf6 Nf8 48. Rb3 Ng6 49. Qf5 Qc7 50. Rb2 Kg8 51. Rxd6 Qxd6 52. Qc8+ Kh7
53. Qxb7 Qf6 54. Qd7 Qf2 55. Qf5 Qe1+ 56. Qf1 Qe3 57. Qf3 Qe1+ 58. Nf1 Qc1 59.
Rxb6 Nh8 60. Rb7 Qe1 61. Kg1 Qc1 62. h3 Qe1 63. Rc7 Qa1 64. Rxc5 Qxa4 65. Qf5+
Ng6 66. Rc7 Kg8 67. Rc8+ Kh7 68. h4 Qc2 69. h5 Qxc3 70. hxg6+ fxg6 71. Qf8 g5
72. Qf5+ {blunite resigns} 1-0

[Event "ICS Rated blitz match"]
[Site "204.178.125.65"]
[Date "2000.05.22"]
[Round "?"]
[White "flytox"]
[Black "Hossa"]
[Result "0-1"]
[WhiteElo "2154"]
[BlackElo "2466"]
[PlyCount "100"]
[EventDate "2000.??.??"]

1. e4 c5 2. Nf3 d6 3. Bb5+ Nc6 4. Bxc6+ bxc6 5. d3 e5 6. O-O Nf6 7. c3 c4 8. d4
exd4 9. cxd4 Nxe4 10. Qa4 Bd7 11. Qxc4 Be7 12. Nc3 Nxc3 13. bxc3 O-O 14. h3 Re8
15. Bf4 Qa5 16. Rfe1 Qf5 17. Bg3 Bf8 18. Qb3 Rxe1+ 19. Rxe1 Re8 20. Rxe8 Bxe8
21. Qb8 Qd7 22. c4 f6 23. Kf1 Bh5 24. Nh2 Bf7 25. Qb3 Qe6 26. Nf3 Qxc4+ 27. Ke1
Qxb3 28. axb3 Bxb3 29. Kd2 a5 30. Kc3 Bd5 31. Ne1 Kf7 32. f3 Ke6 33. Nd3 Kd7
34. Nb2 c5 35. dxc5 dxc5 36. Bf4 Kc6 37. h4 Kb5 38. h5 a4 39. Nd3 a3 40. Nc1
Bf7 41. g4 Bd5 42. g5 fxg5 43. Bxg5 Bxf3 44. Kb3 c4+ 45. Ka2 Bxh5 46. Bf4 Bb4
47. Be5 Bd2 48. Bxg7 Bxc1 49. Bf6 Bb2 50. Bg7 Bxg7 {flytox resigns} 0-1

[Event "ICS rated blitz match"]
[Site "204.178.125.65"]
[Date "2000.05.22"]
[Round "?"]
[White "Hossa"]
[Black "flytox"]
[Result "1-0"]
[WhiteElo "2471"]
[BlackElo "2149"]
[PlyCount "77"]
[EventDate "2000.??.??"]

1. e4 e6 2. Nc3 d5 3. exd5 exd5 4. Nf3 Nf6 5. d4 Bd6 6. Bg5 c6 7. Bd3 O-O 8.
Ne2 Bg4 9. Ne5 Bh5 10. g4 Bg6 11. Bxg6 hxg6 12. f4 Nbd7 13. Nxd7 Qxd7 14. Bxf6
gxf6 15. f5 Rfe8 16. O-O Qe7 17. Rf2 Qe3 18. Qf1 Re4 19. Qg2 Rae8 20. Raf1 g5
21. h3 Bf4 22. Kh1 Bd6 23. Kg1 Kg7 24. Rd1 R4e7 25. Kf1 Rh8 26. Rf3 Qe4 27. Nc3
Rhe8 28. Nxe4 dxe4 29. Re3 Bf4 30. Re2 e3 31. d5 cxd5 32. Qxd5 Rh8 33. Kg2 b6
34. a3 Rc8 35. a4 Rc5 36. Qa8 Rec7 37. Rd8 Rxc2 38. Rg8+ Kh7 39. Rh8+ {
flytox resigns} 1-0

[Event "ICS rated blitz match"]
[Site "204.178.125.65"]
[Date "2000.05.22"]
[Round "?"]
[White "kako"]
[Black "Hossa"]
[Result "1/2-1/2"]
[WhiteElo "2081"]
[BlackElo "2475"]
[PlyCount "106"]
[EventDate "2000.??.??"]

1. e4 c5 2. Nf3 d6 3. Bb5+ Nc6 4. O-O a6 5. Bxc6+ bxc6 6. h3 e5 7. d3 Be7 8.
Re1 Nf6 9. Nbd2 Be6 10. Nf1 O-O 11. Ng3 Rb8 12. b3 Qc7 13. Ng5 d5 14. Nxe6 fxe6
15. Be3 Rf7 16. Bg5 Rbf8 17. f3 Bd8 18. Bd2 Nd7 19. Re2 Bh4 20. Nf1 Qa7 21. Kh1
Qb7 22. Qc1 Bd8 23. Qe1 Bb6 24. Bc3 Bc7 25. Nh2 d4 26. Bd2 Bb6 27. Nf1 Bd8 28.
a4 Qa7 29. Qc1 Qb8 30. Be1 Qc7 31. Nd2 Bg5 32. Qa3 Bf4 33. Nc4 Qb8 34. a5 Qc7
35. Bd2 Bxd2 36. Rxd2 g6 37. Rf2 Qb8 38. Raf1 Rf4 39. Qc1 Rh4 40. Kh2 Rhf4 41.
g3 R4f6 42. Kg2 Qc7 43. f4 Kh8 44. fxe5 Rxf2+ 45. Rxf2 Rxf2+ 46. Kxf2 Qd8 47.
h4 Qf8+ 48. Qf4 Qg7 49. g4 h6 50. g5 h5 51. Nd6 Kg8 52. Nc4 Kh8 53. Nd6 Kg8
1/2-1/2

[Event "ICS rated blitz match"]
[Site "204.178.125.65"]
[Date "2000.05.22"]
[Round "?"]
[White "kako"]
[Black "Hossa"]
[Result "0-1"]
[WhiteElo "2089"]
[BlackElo "2465"]
[PlyCount "74"]
[EventDate "2000.??.??"]

1. e4 c5 2. Nf3 d6 3. Bb5+ Nc6 4. O-O a6 5. Bxc6+ bxc6 6. h3 e5 7. d3 Be7 8.
Nc3 Nf6 9. Ne2 c4 10. Ng3 cxd3 11. Qxd3 O-O 12. c4 Be6 13. Rd1 Nd7 14. b3 Qa5
15. Bd2 Qb6 16. Be3 Qb7 17. Bc1 Rad8 18. Ba3 Rfe8 19. Qe2 d5 20. Bxe7 Rxe7 21.
cxd5 cxd5 22. Rac1 d4 23. Nh4 Ree8 24. Nhf5 Nf6 25. f3 Qb6 26. Kh1 a5 27. Rc2
Rc8 28. Rxc8 Bxc8 29. Rc1 Bxf5 30. Nxf5 g6 31. Nh6+ Kf8 32. Qd2 Nh5 33. Ng4 f5
34. Nf2 Ng3+ 35. Kh2 f4 36. Nd3 Qb5 37. Rc4 Nf1+ {kako resigns} 0-1

[Event "ICS rated standard match"]
[Site "204.178.125.65"]
[Date "2000.05.22"]
[Round "?"]
[White "Hossa"]
[Black "HangerOn"]
[Result "0-1"]
[WhiteElo "2327"]
[BlackElo "2077"]
[PlyCount "142"]
[EventDate "2000.??.??"]

1. e4 e5 2. Nf3 Nc6 3. Bb5 a6 4. Ba4 Nf6 5. O-O Be7 6. Re1 b5 7. Bb3 d6 8. c3
O-O 9. d4 Bg4 10. d5 Na5 11. Bc2 c6 12. b4 Nc4 13. dxc6 Qc7 14. h3 Be6 15. Nbd2
Nxd2 16. Nxd2 Qxc6 17. Bb2 d5 18. exd5 Bxd5 19. Rxe5 Rfe8 20. Qf1 Qd6 21. Re2
Nh5 22. Be4 Nf4 23. Ree1 Bxe4 24. Nxe4 Qg6 25. g3 Bf8 26. a4 bxa4 27. Rxa4 Rxe4
28. Rxe4 Qxe4 29. gxf4 Qc2 30. Ra2 Rd8 31. Kg2 Rd1 32. Qc4 Rd2 33. Qf1 Qe4+ 34.
Kg1 Qxf4 35. Rxa6 Rxb2 36. Ra1 Rc2 37. Qe1 Qf6 38. Rd1 Rxc3 39. Qf1 Qf5 40. Kh2
Rf3 41. Rd2 Bxb4 42. Rd8+ Bf8 43. Qd1 Rxf2+ 44. Kg1 Qf6 45. Qd4 Rf1+ 46. Kh2
Qc6 47. Rxf8+ Kxf8 48. Qd8+ Qe8 49. Qxe8+ Kxe8 50. Kg3 Rh1 51. Kg2 Rxh3 52.
Kxh3 h5 53. Kg2 h4 54. Kf2 h3 55. Kg3 h2 56. Kg4 h1=Q 57. Kf4 Qe1 58. Kf3 f5
59. Kg2 f4 60. Kf3 g5 61. Kg4 Qg1+ 62. Kf5 Kf7 63. Ke4 Qg3 64. Kd4 Kf6 65. Kd5
f3 66. Kc5 f2 67. Kb5 f1=Q+ 68. Kc6 Qd1 69. Kb5 Qc3 70. Kb6 Qdb3+ 71. Ka6 Qa1#
{Hossa checkmated} 0-1

[Event "ICS rated standard match"]
[Site "204.178.125.65"]
[Date "2000.05.22"]
[Round "?"]
[White "HangerOn"]
[Black "Hossa"]
[Result "1-0"]
[WhiteElo "2103"]
[BlackElo "2301"]
[PlyCount "85"]
[EventDate "2000.??.??"]

1. e4 c5 2. Nf3 d6 3. d4 cxd4 4. Nxd4 Nc6 5. Nc3 Nf6 6. Bg5 e5 7. Ndb5 a6 8.
Na3 Be7 9. Bxf6 Bxf6 10. Nc4 Nd4 11. Nd5 Bg4 12. Qd3 Rc8 13. Nce3 Be6 14. Nxf6+
gxf6 15. c3 Nc6 16. Rd1 Qa5 17. a3 Rd8 18. Qe2 Qc7 19. Qf3 Qe7 20. Bd3 Na5 21.
O-O Nb3 22. Nd5 Bxd5 23. exd5 Nc5 24. Rfe1 Kd7 25. Bxh7 Kc7 26. Bf5 Na4 27. Rd4
Nb6 28. Rb4 Rdg8 29. Ree4 Qd8 30. Rxb6 Rxh2 31. Kxh2 Rh8+ 32. Kg1 a5 33. Rb5
Kb8 34. Rc4 Qe7 35. Qe3 Qd8 36. Bc8 Qe7 37. Bxb7 Qxb7 38. Rxb7+ Kxb7 39. Rc6 f5
40. Qb6+ Ka8 41. Qxa5+ Kb8 42. Qc7+ Ka8 43. Ra6# {Hossa checkmated} 1-0

[Event "ICS rated blitz match"]
[Site "204.178.125.65"]
[Date "2000.05.22"]
[Round "?"]
[White "Hossa"]
[Black "trashcollector"]
[Result "1-0"]
[WhiteElo "2468"]
[BlackElo "2095"]
[PlyCount "44"]
[EventDate "2000.??.??"]

1. e4 e5 2. Nf3 d6 3. Bc4 Be7 4. d4 Nc6 5. d5 Nb8 6. Nc3 f5 7. exf5 Bxf5 8. h3
Nf6 9. Be3 O-O 10. Nxe5 dxe5 11. d6+ Kh8 12. dxe7 Qxe7 13. Qe2 Nbd7 14. O-O-O
c6 15. Kb1 b5 16. Bb3 a5 17. Qf3 Bg6 18. Qxc6 a4 19. Be6 Rfc8 20. Rxd7 Qe8 21.
Qd6 b4 22. Re7 Qf8 1-0

[Event "ICS rated standard match"]
[Site "204.178.125.65"]
[Date "2000.05.22"]
[Round "?"]
[White "Hossa"]
[Black "cmslim"]
[Result "1-0"]
[WhiteElo "2277"]
[BlackElo "2593"]
[PlyCount "42"]
[EventDate "2000.??.??"]

1. e4 d6 2. d4 Nf6 3. Nc3 g6 4. g3 Bg7 5. Nge2 O-O 6. Bg2 e5 7. O-O a6 8. dxe5
dxe5 9. Qxd8 Rxd8 10. Bg5 Re8 11. f4 Bg4 12. fxe5 Nfd7 13. Rad1 Rxe5 14. Bf4
Re8 15. h3 Bxc3 16. hxg4 Bxb2 17. c3 Ne5 18. Bxe5 Rxe5 19. Rd8+ Kg7 20. Rb1 Ba3
21. Rxb7 Ra5 {cmslim resigns} 1-0

[Event "ICS rated standard match"]
[Site "204.178.125.65"]
[Date "2000.05.22"]
[Round "?"]
[White "Hossa"]
[Black "QueenMaxima"]
[Result "1-0"]
[WhiteElo "2305"]
[BlackElo "2323"]
[PlyCount "159"]
[EventDate "2000.??.??"]

1. e4 c5 2. Nf3 d6 3. d4 cxd4 4. Nxd4 Nf6 5. Nd2 e5 6. N4f3 Nc6 7. Bd3 d5 8.
exd5 Nxd5 9. O-O Be6 10. Re1 f6 11. Bb5 Qb6 12. c4 Nc7 13. Qe2 O-O-O 14. Nb3
Bb4 15. Be3 Nd4 16. Bxd4 exd4 17. Red1 Bc5 18. Qe4 a6 19. Ba4 g6 20. Nxc5 Qxc5
21. Nxd4 Bxc4 22. Rac1 b5 23. Bc2 Bxa2 24. b3 Rhe8 25. Qf3 Qd5 26. Qxf6 Rd6 27.
Qg7 Rd7 28. Qh6 Red8 29. Qh3 Kb7 30. Qe3 Kc8 31. h4 Qc5 32. Qg3 Qb6 33. Ne2 Qe6
34. Rxd7 Rxd7 35. Nf4 Qc6 36. Qe3 Qf6 37. h5 g5 38. Ne2 Re7 39. Qh3+ Kb7 40.
Nc3 Bxb3 41. Bxb3 a5 42. Qd3 Qc6 43. Qd2 h6 44. Nb1 Qb6 45. Na3 Re5 46. Qd7 Rc5
47. Bd5+ Rxd5 48. Rxc7+ Qxc7 49. Qxd5+ Qc6 50. Qxb5+ Qxb5 51. Nxb5 Kc6 52. Nc3
Kd6 53. Ne4+ Ke5 54. Nc5 Kd5 55. Na4 Ke5 56. g3 g4 57. f4+ gxf3 58. Kf2 Ke4 59.
Nc3+ Ke5 60. Kxf3 Kd4 61. Kf4 Kc5 62. g4 Kd6 63. Kf5 Ke7 64. Kg6 Kd6 65. Kxh6
Kc5 66. Na4+ Kb4 67. g5 Kxa4 68. g6 Ka3 69. g7 a4 70. Kg5 Kb2 71. h6 Kc2 72. h7
a3 73. h8=R Kc3 74. g8=R Kc4 75. Ra8 Kd5 76. Rhc8 Kd6 77. Rxa3 Ke5 78. Rd3 Ke6
79. Rc7 Ke5 80. Re7# 1-0

[Event "ICS rated standard match"]
[Site "204.178.125.65"]
[Date "2000.05.22"]
[Round "?"]
[White "QueenMaxima"]
[Black "Hossa"]
[Result "1-0"]
[WhiteElo "2306"]
[BlackElo "2322"]
[PlyCount "67"]
[EventDate "2000.??.??"]

1. e4 c5 2. Nf3 d6 3. d4 cxd4 4. Nxd4 Nf6 5. Nc3 Nc6 6. Bg5 e6 7. Qd2 a6 8.
O-O-O Bd7 9. f4 h6 10. Bh4 Nxe4 11. Qe1 Nf6 12. Nf5 Qa5 13. Nxd6+ Bxd6 14. Rxd6
g5 15. Bg3 O-O-O 16. fxg5 Qxg5+ 17. Kb1 Qg4 18. Bxa6 Qb4 19. a3 Qa5 20. Be2 Qc5
21. Rd1 Ne8 22. Rf1 f6 23. Ne4 Qe7 24. Rxf6 Qh7 25. Bb5 Nxf6 26. Nd6+ Kb8 27.
Bxc6 e5 28. Qxe5 Ng4 29. Qa5 Ne5 30. Bxe5 Qxc2+ 31. Kxc2 Bxc6 32. Ne8+ Rd6 33.
Bxd6+ Kc8 34. Qc7# {Hossa checkmated} 1-0

[Event "ICS rated blitz match"]
[Site "204.178.125.65"]
[Date "2000.05.22"]
[Round "?"]
[White "tine"]
[Black "Hossa"]
[Result "1/2-1/2"]
[WhiteElo "1975"]
[BlackElo "2471"]
[PlyCount "70"]
[EventDate "2000.??.??"]

1. e4 c5 2. Nf3 d6 3. c3 Nf6 4. Bc4 Nxe4 5. Qa4+ Nc6 6. Bxf7+ Kxf7 7. Qxe4 e5
8. d4 cxd4 9. cxd4 Nxd4 10. Nxd4 exd4 11. Qxd4 Be6 12. O-O Be7 13. Nc3 d5 14.
Re1 Bf6 15. Qd3 Qd7 16. Bf4 Rae8 17. Rad1 Rd8 18. Nb5 Bf5 19. Qb3 Bc2 20. Qxc2
Qxb5 21. Be5 d4 22. Bxf6 gxf6 23. Re4 d3 24. Qc4+ Qxc4 25. Rxc4 Rd7 26. Rc3
Rhd8 27. f3 Kg6 28. Kf2 h5 29. g3 f5 30. f4 Kf6 31. Rd2 Rd4 32. Ke3 Re4+ 33.
Kf3 Red4 34. Ke3 Re4+ 35. Kf3 Red4 1/2-1/2

[Event "ICS rated blitz match"]
[Site "204.178.125.65"]
[Date "2000.05.22"]
[Round "?"]
[White "Hossa"]
[Black "Minotauro"]
[Result "1-0"]
[WhiteElo "2457"]
[BlackElo "2204"]
[PlyCount "39"]
[EventDate "2000.??.??"]

1. e4 c5 2. Nf3 d6 3. d4 cxd4 4. Nxd4 f6 5. Bc4 e5 6. Bb5+ Bd7 7. Ne6 Qa5+ 8.
Bd2 Qb6 9. Nc3 Bxb5 10. Nd5 Qc6 11. Nec7+ Kf7 12. Nxa8 Na6 13. a4 Bc4 14. b4
Bxd5 15. b5 Qc8 16. exd5 Nc5 17. Bb4 Nd7 18. Qg4 Nh6 19. Qe6+ Kg6 20. h4 {
Minotauro resigns} 1-0

[Event "ICS rated standard match"]
[Site "204.178.125.65"]
[Date "2000.05.22"]
[Round "?"]
[White "Beadle"]
[Black "Hossa"]
[Result "1-0"]
[WhiteElo "2390"]
[BlackElo "2305"]
[PlyCount "131"]
[EventDate "2000.??.??"]

1. e4 c5 2. Nf3 d6 3. d4 cxd4 4. Nxd4 Nf6 5. Nc3 e6 6. Be2 Be7 7. O-O O-O 8. f4
a6 9. Kh1 Nc6 10. Be3 d5 11. Nxc6 bxc6 12. e5 Ne4 13. Nxe4 dxe4 14. Qe1 c5 15.
Rd1 Qb6 16. Qc3 a5 17. a3 a4 18. Kg1 Rb8 19. Qc4 Qxb2 20. Qxe4 Qxa3 21. Bd3 g6
22. Ra1 Qb4 23. Rxa4 Qxe4 24. Bxe4 Bb7 25. Bxb7 Rxb7 26. Rd1 Rfb8 27. Kf2 h5
28. Kf3 Kf8 29. Rd2 Rb1 30. Ra5 c4 31. Rd7 R8b7 32. Ra8+ Kg7 33. Rxb7 Rxb7 34.
Rc8 Rb4 35. Ke4 g5 36. fxg5 Kg6 37. h4 Ra4 38. c3 Kg7 39. g3 Ba3 40. Kd4 Kg6
41. Rxc4 Rxc4+ 42. Kxc4 Kf5 43. Kd4 Kg4 44. Bf4 Bb2 45. Kc4 Ba1 46. Kb4 Kf5 47.
c4 Ke4 48. c5 Kd5 49. Kb5 Bc3 50. c6 Ba5 51. g4 hxg4 52. Kxa5 Kxc6 53. h5 Kd5
54. g6 fxg6 55. hxg6 Ke4 56. Bh2 Kf3 57. g7 Kg2 58. g8=Q Kf3 59. Qxe6 Ke3 60.
Qb6+ Kf3 61. e6 Ke4 62. e7 Kf3 63. e8=Q g3 64. Qd6 gxh2 65. Qxh2 Kg4 66. Qeh5#
{Hossa checkmated} 1-0

[Event "ICS rated blitz match"]
[Site "204.178.125.65"]
[Date "2000.05.22"]
[Round "?"]
[White "Beadle"]
[Black "Hossa"]
[Result "1-0"]
[WhiteElo "2538"]
[BlackElo "2459"]
[PlyCount "105"]
[EventDate "2000.??.??"]

1. c4 e6 2. Nf3 Nf6 3. g3 d5 4. Bg2 dxc4 5. Qa4+ Nbd7 6. O-O Be7 7. Qxc4 O-O 8.
d3 Nd5 9. Nc3 N7b6 10. Qb3 Bd7 11. Nxd5 exd5 12. Bf4 Ba4 13. Qc3 c6 14. b3 Bb5
15. a4 Bf6 16. Be5 Bxe5 17. Nxe5 Ba6 18. a5 Nd7 19. Nxc6 bxc6 20. Qxc6 Qc8 21.
Qxd5 Rb8 22. Rfc1 Qd8 23. Qd6 Bc8 24. Rc7 Re8 25. Bd5 Rxe2 26. Rxa7 Qe8 27. Rc1
Re7 28. a6 Bxa6 29. Qxa6 Nb6 30. Be4 g6 31. b4 Qd8 32. Rxe7 Qxe7 33. b5 Qd7 34.
Rc6 Nc8 35. b6 Qd8 36. b7 Ne7 37. Rc5 Kg7 38. Qa1+ f6 39. Qc3 Qb6 40. Rc7 Qd6
41. Rc8 h6 42. Rxb8 Qxb8 43. Qa3 Qc7 44. b8=Q Qxb8 45. Qxe7+ Kg8 46. Bd5+ Kh8
47. Bf7 Kg7 48. Be8+ Kg8 49. Qf7+ Kh8 50. Qxf6+ Kg8 51. Bf7+ Kh7 52. Qxg6+ Kh8
53. Qxh6# {Hossa checkmated} 1-0

[Event "ICS rated standard match"]
[Site "204.178.125.65"]
[Date "2000.05.22"]
[Round "?"]
[White "Hossa"]
[Black "Beadle"]
[Result "1/2-1/2"]
[WhiteElo "2293"]
[BlackElo "2411"]
[PlyCount "64"]
[EventDate "2000.??.??"]

1. e4 e5 2. Nf3 Nc6 3. Bb5 a6 4. Ba4 d6 5. d4 b5 6. Bb3 Nxd4 7. Nxd4 exd4 8.
Bd5 Rb8 9. Qxd4 Bd7 10. O-O c6 11. Re1 cxd5 12. exd5+ Ne7 13. Nc3 Bf5 14. Ne4
Bxe4 15. Qxe4 Rc8 16. c3 Qd7 17. a4 Rc4 18. Qd3 Kd8 19. b3 Rc5 20. axb5 Rxd5
21. Qf3 Qxb5 22. c4 Re5 23. Bd2 Rxe1+ 24. Rxe1 Qb6 25. Qxf7 Qxb3 26. Ba5+ Kd7
27. Qe6+ Ke8 28. Bb4 Qxb4 29. Qc8+ Kf7 30. Qe6+ Ke8 31. Qc8+ Kf7 32. Qe6+ Ke8
1/2-1/2

[Event "ICS rated standard match"]
[Site "204.178.125.65"]
[Date "2000.05.22"]
[Round "?"]
[White "Beadle"]
[Black "Hossa"]
[Result "1-0"]
[WhiteElo "2406"]
[BlackElo "2298"]
[PlyCount "133"]
[EventDate "2000.??.??"]

1. Nf3 Nf6 2. c4 e6 3. Nc3 c5 4. g3 d5 5. cxd5 exd5 6. d4 cxd4 7. Nxd4 Be7 8.
Bf4 O-O 9. Bg2 Nc6 10. O-O Be6 11. Ncb5 Qd7 12. Rc1 Rac8 13. Qb3 Bg4 14. Rfd1
Nxd4 15. Nxd4 Bc5 16. Kh1 Bxd4 17. Rxc8 Rxc8 18. Rxd4 Bxe2 19. Qa3 Qf5 20. h3
g5 21. Be3 g4 22. Kh2 gxh3 23. Bxh3 Bg4 24. Rf4 Qh5 25. Rxf6 Qxh3+ 26. Kg1 d4
27. Rh6 dxe3 28. Qxe3 Bh5 29. Qg5+ Kh8 30. Rxh5 Qe6 31. Qf4 Rd8 32. Kg2 f6 33.
Qh6 Qe7 34. Rf5 Rd6 35. Ra5 a6 36. Rc5 Kg8 37. Rc8+ Rd8 38. Rc4 b5 39. Rg4+ Kh8
40. b3 Rd1 41. Kh2 Re1 42. a4 Re6 43. Rd4 Rd6 44. Re4 Qf7 45. Kg1 Rd1+ 46. Kg2
Rd3 47. Rf4 Rd6 48. axb5 axb5 49. Rf5 Rb6 50. Rc5 Qe6 51. Kh2 Qe8 52. b4 Qd8
53. Qh5 Qd7 54. Rd5 Qc8 55. Rxb5 Qc2 56. Rf5 Kg7 57. Rf4 Re6 58. Qf3 Kf7 59.
Qd5 Qb2 60. Qf5 h6 61. Rc4 Re2 62. Rc7+ Kf8 63. Qc5+ Ke8 64. Qc6+ Kf8 65. Qd6+
Ke8 66. Qd7+ Kf8 67. Qf7# {Hossa checkmated} 1-0

[Event "ICS rated standard match"]
[Site "204.178.125.65"]
[Date "2000.05.22"]
[Round "?"]
[White "Hossa"]
[Black "cmslim"]
[Result "0-1"]
[WhiteElo "2287"]
[BlackElo "2594"]
[PlyCount "142"]
[EventDate "2000.??.??"]

1. e4 c5 2. Nf3 Nc6 3. Bb5 e6 4. Nc3 Nge7 5. O-O a6 6. Be2 Ng6 7. d4 cxd4 8.
Nxd4 Qc7 9. Be3 Nxd4 10. Bxd4 b5 11. Bf3 Bb7 12. e5 Bxf3 13. Qxf3 Rc8 14. Qe3
Be7 15. Rfd1 O-O 16. a3 d5 17. exd6 Bxd6 18. g3 Ne7 19. Bb6 Qc6 20. Ba5 Rfe8
21. Qg5 Ng6 22. Qd2 Bb8 23. a4 Ne5 24. axb5 axb5 25. Qe2 Nf3+ 26. Kh1 Ng5+ 27.
f3 Nxf3 28. Qg2 Be5 29. Rd3 Nd4 30. Qxc6 Nxc6 31. Nd1 Ra8 32. Rda3 Nd4 33. Bc3
Rxa3 34. Rxa3 b4 35. Bxb4 Nxc2 36. Ra4 Rd8 37. Nc3 Rb8 38. Bc5 Rxb2 39. Ra8+
Rb8 40. Ra2 Nb4 41. Bxb4 Rxb4 42. Ra8+ Rb8 43. Rxb8+ Bxb8 44. Kg2 f5 45. Na2 e5
46. Nb4 Bd6 47. Nd5 Kf7 48. Ne3 Ke6 49. Kf2 Bc5 50. Ke2 Bxe3 51. Kxe3 g5 52.
Ke2 f4 53. gxf4 gxf4 54. Ke1 Kf5 55. Kf1 Kg4 56. Ke2 e4 57. Ke1 Kh3 58. Kf2
Kxh2 59. Ke2 h5 60. Kf2 h4 61. Kf1 Kg3 62. Ke2 h3 63. Kd2 h2 64. Kc3 h1=Q 65.
Kd4 Kg4 66. Ke5 e3 67. Ke6 e2 68. Kd7 e1=Q 69. Kc7 Qd5 70. Kc8 Qe7 71. Kb8
Qdd8# {Hossa checkmated} 0-1